000 00692nam a2200241Ia 4500
003 OSt
005 20221005131916.0
006 a|||||r|||| 00| 0
007 ta
008 221004b |||||||| |||| 00| 0 urd d
020 _c300
024 _a28047
037 _b2287, 23/03/2007, Kitabi Duniya
_cTextual
040 _aCRL
_cCRL
_burd
041 _2urd
_aurd
082 _aO168,1L35:g, P6
100 _aQuraishi Shareef Ahmad
_9640280
245 0 _aTalmihat-e-nazeerakbarabadi (Maishakhsyat)
260 _c2006
650 _aURDU POETRY
942 _hO168,1L35:g, P6
_cTEXL
_2cc
999 _c1061800
_d1061800